000 00518nam a2200181Ia 4500
008 140925s9999 xx 000 0 und d
245 _aAccounting education news /
_h[electronic resource]
260 _bAmerican Accounting Association,
_cc2014.
516 _aElectronic text
650 _aAccountancy.
650 _aEducation.
650 _aJournal.
650 _aNews.
830 _aAmerican Accounting Association
856 _uhttp://aaahq.org/pubs/AEN/default.htm
942 _cEJ
999 _c275785
_d275785